Top 20 Countries with the Smallest Population Density - Statistics

General Stats
  • This quiz has been taken 12 times
  • The average score is 18 of 20
Answer Stats
Density Country % Correct
3.5 sq km Australia
100%
11 sq km Bolivia
100%
4.4 sq km Botswana
100%
4.5 sq km Canada
100%
16.1 sq km Chad
100%
7.6 sq km Kazakhstan
100%
2.2 sq km Mongolia
100%
3.7 sq km Namibia
100%
8.6 sq km Russia
100%
16.3 sq km Turkmenistan
100%
3.9 sq km Iceland
92%
4.2 sq km Libya
92%
5 sq km Mauritania
92%
15 sq km Norway
92%
8.6 sq km Central African Republic
83%
16.4 sq km Saudi Arabia
83%
9.9 sq km Gabon
75%
4.2 sq km Guyana
67%
4 sq km Suriname
67%
16.7 sq km Paraguay
58%
No matching quizzes found
Score Distribution
Percent of People with Each Score
Percentile by Number Answered
Your Score History
You have not taken this quiz